| 000 | 00893nab a2200289 4500 | ||
|---|---|---|---|
| 003 | BR-BrBNA | ||
| 005 | 20240814151018.0 | ||
| 008 | 240714b bl.||||| |||| 00| 0 por d | ||
| 040 |
_aBR-BrBNA _bpor |
||
| 072 |
_aL01 ; E40 _b9340 ; 7110 |
||
| 100 | _aCosta, Antônio | ||
| 245 |
_aProdução de mel no Tocantins _bApicultura |
||
| 500 | _a4 illus. | ||
| 650 | _aAPICULTURA | ||
| 650 | _aABELHA | ||
| 650 | _aCOLMÉIA | ||
| 650 | _aMEL | ||
| 650 | _aSUBPRODUTO | ||
| 650 | _aPRODUÇÃO | ||
| 650 | _aSELO DE QUALIDADE | ||
| 650 | _aASSOCIATIVISMO | ||
| 650 | _aCOOPERATIVISMO | ||
| 650 | _aTOCANTINS | ||
| 773 | 0 |
_04604 _9317191 _dPalmas - Tocantins Terranova Gráfica e Editora Jornalística Ltda 2005 _o2024-3815 _tCerrado Rural Agronegócios (Brazil) _x1980-2595 _gv. 4(20) p. 23-24; (Sep 2006) _wBR2024001951 |
|
| 942 | _cAnalítica | ||
| 999 |
_c300511 _d300511 |
||